Statistics for WWF Attitude Era Tag Teams

Click here to take the quiz!

General Stats

  • This quiz has been taken 579 times
  • The average score is 27 of 45

Answer Stats

HintAnswer% Correct
Hardy BoyzJeff Hardy
98%
Matt Hardy
98%
EvolutionTriple H
86%
D-Generation XTriple H
86%
Shawn Michaels
84%
Shawn Michaels
84%
X-Pac
81%
New Age OutlawsRoad Dogg
79%
Billy Gunn
78%
Rock n SockThe Rock
78%
NwOKevin Nash
76%
Rated RKORandy Orton
76%
Randy Orton
76%
Dudley BoyzD Von Dudley
75%
Kane
73%
Mick Foley
73%
Scott Hall
72%
Brothers Of DestructionUndertaker
72%
APABradshaw
71%
Chyna
70%
Batista
68%
Los GuerrerosEddie Guerrero
68%
Ric Flair
68%
Animal
64%
Edge
64%
Chavo Guerrero
63%
Farooq
63%
The Road WarriorsHawk
62%
Scotty 2 Hotty
55%
Rikishi
54%
Hollywood Hogan
43%
Worlds Greatest Tag TeamShelton Benjamin
43%
Too CoolGrand Master Sexy
42%
Kofi Kingston
42%
Charlie Haas
40%
Johnny Nitro
39%
MNMJoey Mercury
38%
Melina
38%
Air BoomEvan Bourne
36%
Cryme TymeJTG
36%
Shad
33%
Hart DynastyJim Neidhart
19%
Brett Hart
16%
Bubbah Ray Dudley
11%
RockersMarty Janneti
2%

Score Distribution

Percentile by Number Answered

Percent of People with Each Score

Your Score History

You have not taken this quiz